000 00552cab a2200217 4500
001 WB2323-29
008 090401t1987 xxu||||| |||| 00| 0 eng d
035 _a(Sirsi) u13027
041 _aeng
245 _aBlueprint for unitisation
260 _c1987
350 _a0
490 _aInvestors Chronicle
_v80(1018) 5/6/87 p30
520 _aA background to the concept of single property unit trusts .
650 _aINVESTMENT
650 _aPINCS
650 _aSPOTS
690 _aPROPERTY LAW AND PRACTICE
942 _n0
948 _c04/03/1997
999 _c8373
_d8373